| 000 | 00833nam a2200253 a 4500 | ||
|---|---|---|---|
| 999 |
_c11411 _d11411 |
||
| 003 | PK-NaQUE | ||
| 005 | 20250508115405.0 | ||
| 008 | 250508b ||||| |||| 00| 0 eng d | ||
| 020 | _a8173815429 (paperback) | ||
| 020 | _a9788173815423 (paperback) | ||
| 040 | _cQUEST | ||
| 100 | 1 | _aDas, P.C. | |
| 245 | 1 | 0 | _aApplied English Grammar and Composition / |
| 250 | _a0th ed. | ||
| 260 |
_a[S.l.] : _bNew Central Book Agency, _c2010. |
||
| 300 | _a660 p. ; | ||
| 490 | 1 | _aEnglish version. | |
| 650 | _aEnglish language--Grammar | ||
| 650 | _aEnglish language--Composition and exercises | ||
| 650 | _aEnglish language--Study and teaching--Bengali speakers | ||
| 650 | _aEnglish language--Study and teaching--Foreign speakers | ||
| 856 | 4 | 0 |
_uhttp://10.10.170.122:8080/browse/book/27239 _yDownload eBook |
| 942 |
_cBK _2ddc |
||